| 000 | 00592nam a2200241 a 4500 | ||
|---|---|---|---|
| 001 | nice12345678 | ||
| 003 | IN_TiNIC | ||
| 005 | 20260116012735.0 | ||
| 008 | 050524s1970 atla grp 000 0 eng | ||
| 020 |
_a0804296 _c100 |
||
| 082 | 0 | 0 |
_a231 _bBAK |
| 100 | _aBaker, John Austin | ||
| 245 | _aFoolishness of God | ||
| 260 |
_aAtlanta _bJohn Knox Press _c1970 |
||
| 300 | _a409p | ||
| 500 | _aincludes index and biblioraphy | ||
| 505 | 2 | _aBibliography | |
| 650 | _aGod-Biblical Teaching | ||
| 700 | 1 | _aBaker, John Austin | |
| 902 | _bSRS | ||
| 942 | _cBK | ||
| 999 |
_c8184 _d8184 |
||